| 000 | 00804 a2200265 4500 | ||
|---|---|---|---|
| 502 | _aThèse de Doctorat | ||
| 260 | _aWageningen | ||
| 653 | 1 | _aAgronomie | |
| 100 | _aSATOKARI, Reetta | ||
| 041 | _bEn | ||
| 260 | _bUniversité de Wageningen | ||
| 300 | _a135 p. | ||
| 245 | _aMolecular identification and characterisation of bifidobacteria and lactobacilli in the human gastrointestinal tract | ||
| 650 | _aBIFIDOBACTERIA | ||
| 650 | _aMOLECULAR IDENTIFICATION | ||
| 650 | _aCHARACTERISATION | ||
| 260 | _c11 Janvier 2002 | ||
| 300 | _bIll., Couv. ill. ; 24 cm | ||
| 130 | _lEn | ||
| 040 | _aSupport | ||
| 041 | _bEn | ||
| 653 | 1 | _aNutrition et Sciences Alimentaires | |
| 100 | _uAbomey-Calavi, Université d'Abomey-Calavi, Faculté des Sciences Agronomiques, Bj | ||
| 999 |
_c32242 _d32242 |
||